000
00247nam a22001097a 4500
082
_a
621.39732 STR'P
100
_a
PECKNER, D
_9
59430
245
_a
THE STRENGTHENING OF METALS
260
_a
NEWYORK
_b
REINGOLD
_c
1964
300
_a
250P
942
_c
BK
999
_c
569417
_d
569417